[Event "Hamburg HSK Christmas op"]
[Site "Hamburg"]
[Date "2022.12.28"]
[Round "4"]
[White "Zieher, Hartmut"]
[Black "Colpe, Malte"]
[Result "0-1"]
[WhiteElo "2120"]
[BlackElo "2355"]
[PlyCount "40"]
[EventDate "2022.12.27"]
[EventType "swiss"]
[EventRounds "7"]
[EventCountry "GER"]
[SourceTitle "EXT 2024"]
[Source "ChessBase"]
[SourceDate "2023.10.10"]
[SourceVersion "1"]
[SourceVersionDate "2023.10.10"]
[SourceQuality "1"]

1. e4 c5 2. Nc3 a6 3. Nge2 b5 4. d4 cxd4 5. Nxd4 e6 6. Be3 Bb7 7. Bd3 Nc6 8. 0-0 Nxd4 9. Bxd4 Ne7 10. f4 Nc6 11. Be3 Be7 12. e5 d5 13. exd6 Qxd6 14. a4 b4 15. Ne4 Qd5 16. Qe2 Nd4 17. Qf2 Nf5 18. Bb6 0-0 19. Nc5 Bh4 20. Qf3 Qd4+ 0-1

[Event "Oberliga Nord N 1819"]
[Site "Germany"]
[Date "2019.04.07"]
[Round "9.2"]
[White "Zieher, Hartmut"]
[Black "Pajeken, Wolfgang"]
[Result "1/2-1/2"]
[WhiteElo "2214"]
[BlackElo "2269"]
[PlyCount "50"]
[EventDate "2018.10.21"]
[EventType "team-tourn"]
[EventRounds "9"]
[EventCountry "GER"]
[SourceTitle "EXT 2020"]
[Source "ChessBase"]
[SourceDate "2019.10.17"]
[SourceVersion "1"]
[SourceVersionDate "2019.10.17"]
[SourceQuality "1"]
[WhiteTeam "Hamburger SK III"]
[BlackTeam "St Pauli II"]
[WhiteTeamCountry "GER"]
[BlackTeamCountry "GER"]

1. e4 e5 2. Nf3 Nc6 3. Bb5 a6 4. Ba4 g6 5. c3 Bg7 6. d4 exd4 7. cxd4 b5 8. Bb3 Nge7 9. 0-0 0-0 10. Nc3 d6 11. h3 Na5 12. Bc2 c5 13. Bf4 Nc4 14. b3 Na3 15. Rc1 Nc6 16. Be3 Bb7 17. Nd5 Nxc2 18. Rxc2 cxd4 19. Nxd4 Ne7 20. Bg5 Bxd5 21. exd5 Qd7 22. Bxe7 Qxe7 23. Re1 Qf6 24. Nc6 Rfe8 25. Rce2 Rxe2 1/2-1/2

[Event "Oberliga Nord N 1819"]
[Site "Germany"]
[Date "2018.12.16"]
[Round "4.3"]
[White "Michna, Marta"]
[Black "Zieher, Hartmut"]
[Result "1-0"]
[WhiteElo "2329"]
[BlackElo "2214"]
[PlyCount "95"]
[EventDate "2018.10.21"]
[EventType "team-tourn"]
[EventRounds "9"]
[EventCountry "GER"]
[SourceTitle "EXT 2020"]
[Source "ChessBase"]
[SourceDate "2019.10.17"]
[SourceVersion "1"]
[SourceVersionDate "2019.10.17"]
[SourceQuality "1"]
[WhiteTeam "Kiel Turm II"]
[BlackTeam "Hamburger SK III"]
[WhiteTeamCountry "GER"]
[BlackTeamCountry "GER"]

1. f4 d5 2. Nf3 g6 3. g3 Bg7 4. Bg2 c5 5. 0-0 e6 6. d3 Ne7 7. Qe1 0-0 8. e4 Nbc6 9. e5 f6 10. Na3 Qc7 11. Nb5 Qb6 12. c4 a6 13. Nc3 Bd7 14. Bh3 f5 15. Qf2 d4 16. Nd1 Qc7 17. b3 b5 18. Nb2 Na5 19. Bd2 bxc4 20. dxc4 Nac6 21. Nd3 Qb6 22. Rab1 a5 23. a3 Rfb8 24. Rfc1 Bf8 25. Bf1 Nc8 26. g4 h6 27. Qg3 Kh7 28. Nh4 Be8 29. Bg2 Ra7 30. Qe1 Qd8 31. h3 Be7 32. Nf3 Rab7 33. Qd1 Rb6 34. Rb2 Qc7 35. Rcb1 Qa7 36. Kh2 a4 37. b4 cxb4 38. c5 Ra6 39. axb4 a3 40. Ra2 Ra4 41. Rb3 Qa6 42. Qa1 Qc4 43. Rbxa3 Rxa3 44. Rxa3 Nxb4 45. Nxb4 Rxb4 46. Bxb4 Qxb4 47. Ra8 Bd7 48. c6 1-0

[Event "Oberliga Nord N 1718"]
[Site "Germany"]
[Date "2017.12.10"]
[Round "4.5"]
[White "Zieher, Hartmut"]
[Black "Dettmann, Steffen"]
[Result "1-0"]
[WhiteElo "2230"]
[BlackElo "2217"]
[PlyCount "93"]
[EventDate "2017.10.08"]
[EventType "team-tourn"]
[EventRounds "9"]
[EventCountry "GER"]
[SourceTitle "EXT 2019"]
[Source "ChessBase"]
[SourceDate "2018.10.10"]
[SourceVersion "1"]
[SourceVersionDate "2018.10.10"]
[SourceQuality "1"]
[WhiteTeam "Hamburger SK III"]
[BlackTeam "Hamburg Koenigsspringer"]
[WhiteTeamCountry "GER"]
[BlackTeamCountry "GER"]

1. e4 e5 2. Nf3 Nf6 3. d4 Nxe4 4. Bd3 d5 5. Nxe5 Nd7 6. 0-0 Nxe5 7. dxe5 Nc5 8. Nc3 Nxd3 9. cxd3 d4 10. Ne4 Be7 11. Qh5 0-0 12. Bg5 Bxg5 13. Nxg5 h6 14. Ne4 Qd5 15. f4 b6 16. Rf3 f6 17. Rg3 Qf7 18. Nxf6+ Kh8 19. a3 Qxh5 20. Nxh5 Rf7 21. h3 Bf5 22. Rf3 Raf8 23. Raf1 Bc8 24. g4 Bb7 25. R3f2 c5 26. f5 Ba6 27. Nf4 Re8 28. Re1 Kg8 29. Kg2 c4 30. dxc4 Bxc4 31. Re4 Ba6 32. Kg3 d3 33. e6 Rc7 34. Rd4 Rc4 35. Rd7 Bb5 36. Rd5 Rc5 37. Rd6 Re5 38. Nxd3 Re3+ 39. Rf3 Re2 40. b3 Rd2 41. a4 Ba6 42. h4 h5 43. g5 Rc8 44. f6 gxf6 45. gxf6 Kh7 46. f7 Rxd3 47. Rdxd3 1-0

[Event "Heusenstamm Sparkassen op-A 3rd"]
[Site "Heusenstamm"]
[Date "2016.11.25"]
[Round "3"]
[White "Zieher, Hartmut"]
[Black "Wieczorek, Oskar"]
[Result "0-1"]
[WhiteElo "2285"]
[BlackElo "2465"]
[PlyCount "66"]
[EventDate "2016.11.24"]
[EventType "swiss"]
[EventRounds "7"]
[EventCountry "GER"]
[SourceTitle "CBM 175 Extra"]
[Source "ChessBase"]
[SourceDate "2016.12.12"]
[SourceVersion "1"]
[SourceVersionDate "2016.12.12"]
[SourceQuality "1"]

1. e4 c5 2. Nc3 e6 3. f4 Nc6 4. Bb5 Nge7 5. Nf3 a6 6. Bd3 d5 7. 0-0 c4 8. exd5 exd5 9. Be2 d4 10. Bxc4 dxc3 11. bxc3 Na5 12. Bd3 Bf5 13. Qe2 Qb6+ 14. Kh1 Bxd3 15. cxd3 0-0-0 16. d4 Nf5 17. Qe5 Nh6 18. d3 f6 19. Qe2 Bd6 20. c4 Rhe8 21. Qd2 Qc7 22. d5 Nf5 23. g3 h5 24. Rb1 b6 25. Qb2 Bc5 26. Bd2 Re2 27. Qc3 Qd7 28. Be1 Ne3 29. Rg1 Qg4 30. Nd2 Qh3 31. Nf3 Rc2 32. Qa1 Qg4 33. Nh4 Qe2 0-1

[Event "GER Cup 1516 final"]
[Site "Halle"]
[Date "2016.05.27"]
[Round "3"]
[White "Zieher, Hartmut"]
[Black "Quast, Marcel"]
[Result "1-0"]
[WhiteElo "2306"]
[BlackElo "2210"]
[PlyCount "149"]
[EventDate "2016.05.26"]
[EventType "swiss"]
[EventRounds "5"]
[EventCountry "GER"]
[SourceTitle "EXT 2019"]
[Source "ChessBase"]
[SourceDate "2018.10.10"]
[SourceVersion "1"]
[SourceVersionDate "2018.10.10"]
[SourceQuality "1"]

1. e4 Nf6 2. e5 Nd5 3. d4 d6 4. Nf3 dxe5 5. Nxe5 c6 6. Nd2 g6 7. Ndf3 Bg7 8. Be2 0-0 9. 0-0 Nd7 10. c4 N5b6 11. Bf4 Nxe5 12. Bxe5 Bxe5 13. Nxe5 Qc7 14. Qd3 c5 15. Rfd1 Rd8 16. Qe3 cxd4 17. Rxd4 Rxd4 18. Qxd4 Be6 19. b3 Rd8 20. Qe3 Nc8 21. g3 b6 22. h4 Nd6 23. Qf4 f6 24. Nf3 Ne8 25. Qe3 Bg4 26. Rd1 Rxd1+ 27. Bxd1 Qd6 28. Be2 Bxf3 29. Bxf3 Kg7 30. Kg2 Nc7 31. Qe4 a5 32. Qb7 Ne6 33. Bd5 Nd4 34. Qc8 e6 35. Ba8 f5 36. Qe8 f4 37. g4 Qc7 38. h5 Qd6 39. Be4 f3+ 40. Bxf3 Nxf3 41. Kxf3 Qd3+ 42. Kg2 Qe4+ 43. Kg3 Qe5+ 44. Kh3 Qf4 45. Qe7+ Kh6 46. Qh4 g5 47. Qg3 Qe4 48. Kh2 a4 49. f3 Qc2+ 50. Qg2 axb3 51. axb3 Qxb3 52. Qe2 e5 53. Kg2 Qc3 54. Qe4 Qd2+ 55. Kh3 Qd6 56. Qf5 Qe7 57. Qc8 Kg7 58. Kg2 e4 59. Qf5 exf3+ 60. Kxf3 Qa3+ 61. Ke4 Qc1 62. Kd5 Qd2+ 63. Kc6 Qe3 64. h6+ Kg8 65. Qc8+ Kf7 66. Qd7+ Kf6 67. Qg7+ Ke6 68. Qg8+ Ke7 69. Qxh7+ Ke8 70. Qd7+ Kf8 71. h7 Qe4+ 72. Kb5 Qb1+ 73. Ka6 Qa2+ 74. Kb7 Qg2+ 75. Qc6 1-0

[Event "Oberliga Nord N 1415"]
[Site "Germany"]
[Date "2015.04.12"]
[Round "9.3"]
[White "Zieher, Hartmut"]
[Black "Ressler, Eckart"]
[Result "1-0"]
[WhiteElo "2291"]
[BlackElo "2199"]
[PlyCount "89"]
[EventDate "2014.09.21"]
[EventType "team-tourn"]
[EventRounds "9"]
[EventCountry "GER"]
[SourceTitle "EXT 2016"]
[Source "ChessBase"]
[SourceDate "2015.10.08"]
[SourceVersion "1"]
[SourceVersionDate "2015.10.08"]
[SourceQuality "1"]
[WhiteTeam "Hamburger SK III"]
[BlackTeam "Neumuenster Agon"]
[WhiteTeamCountry "GER"]
[BlackTeamCountry "GER"]

1. e4 c6 2. d4 d5 3. e5 Bf5 4. Nf3 e6 5. Be2 Nd7 6. 0-0 Bg6 7. c3 Ne7 8. Nh4 Be4 9. Be3 Nf5 10. Nxf5 Bxf5 11. Nd2 Be7 12. f4 Bg6 13. Bg4 h5 14. f5 hxg4 15. fxg6 f5 16. exf6 Nxf6 17. Bf4 Bd6 18. Qe2 Bxf4 19. Qxe6+ Qe7 20. Qxe7+ Kxe7 21. Rxf4 Rh6 22. Nf1 Rxg6 23. Ng3 Kd7 24. Re1 Re8 25. Re5 Rxe5 26. dxe5 Ne4 27. Nxe4 dxe4 28. Rxe4 Ke6 29. Kf2 g3+ 30. hxg3 b5 31. Kf3 a5 32. Kf4 c5 33. Re2 a4 34. Rd2 Ke7 35. Rd5 Rc6 36. Kf5 g6+ 37. Ke4 b4 38. cxb4 cxb4 39. Rb5 Rc2 40. Rxb4 a3 41. bxa3 Rxg2 42. Rb7+ Kf8 43. Rb3 Ke7 44. Kf4 Rxa2 45. Re3 1-0

[Event "Oberliga Nord N 1314"]
[Site "Germany"]
[Date "2014.04.06"]
[Round "9.2"]
[White "Berg, Klaus"]
[Black "Zieher, Hartmut"]
[Result "0-1"]
[WhiteElo "2393"]
[BlackElo "2312"]
[PlyCount "68"]
[EventDate "2013.10.13"]
[EventType "team-tourn"]
[EventRounds "9"]
[EventCountry "GER"]
[SourceTitle "EXT 2015"]
[Source "ChessBase"]
[SourceDate "2014.11.20"]
[SourceVersion "1"]
[SourceVersionDate "2014.11.20"]
[SourceQuality "1"]
[WhiteTeam "Kiel Turm"]
[BlackTeam "Hamburger SK III"]
[WhiteTeamCountry "GER"]
[BlackTeamCountry "GER"]

1. c4 e5 2. Nc3 Nc6 3. g3 g6 4. Bg2 Bg7 5. d3 Nge7 6. e3 d6 7. Nge2 Be6 8. Nd5 0-0 9. 0-0 Qd7 10. Rb1 Nd8 11. b4 c6 12. Nxe7+ Qxe7 13. b5 c5 14. Nc3 Qd7 15. Re1 Bh3 16. Bh1 Ne6 17. Nd5 f5 18. f4 g5 19. fxg5 Nxg5 20. Qh5 h6 21. Bg2 Bg4 22. Qh4 e4 23. dxe4 fxe4 24. Bb2 Bf3 25. Rf1 Bxg2 26. Rxf8+ Rxf8 27. Kxg2 Qf7 28. Bxg7 Qf3+ 29. Kg1 Kxg7 30. Nf4 Qxe3+ 31. Kh1 Qf3+ 32. Kg1 e3 33. Rf1 e2 34. Re1 Qc3 0-1

[Event "Oberliga Nord N 1314"]
[Site "Germany"]
[Date "2014.01.12"]
[Round "8.2"]
[White "Zieher, Hartmut"]
[Black "Breyther, Ruediger"]
[Result "0-1"]
[WhiteElo "2312"]
[BlackElo "2320"]
[PlyCount "90"]
[EventDate "2013.10.13"]
[EventType "team-tourn"]
[EventRounds "9"]
[EventCountry "GER"]
[SourceTitle "EXT 2015"]
[Source "ChessBase"]
[SourceDate "2014.11.20"]
[SourceVersion "1"]
[SourceVersionDate "2014.11.20"]
[SourceQuality "1"]
[WhiteTeam "Hamburger SK III"]
[BlackTeam "St Pauli"]
[WhiteTeamCountry "GER"]
[BlackTeamCountry "GER"]

1. e4 c5 2. Nf3 e6 3. d4 cxd4 4. Nxd4 Nf6 5. Nc3 d6 6. Bg5 h6 7. Bxf6 Qxf6 8. Qd2 a6 9. f4 g5 10. f5 Nc6 11. Nxc6 bxc6 12. Bd3 Bg7 13. 0-0 0-0 14. Nd1 exf5 15. exf5 Re8 16. c3 d5 17. Nf2 h5 18. Nh3 Bh6 19. Qd1 Re3 20. Bc2 g4 21. Nf4 Bxf4 22. Rxf4 Bd7 23. Qd2 Rae8 24. Rf2 a5 25. Raf1 Bc8 26. Bd3 d4 27. Rf4 c5 28. cxd4 cxd4 29. Bb5 Rd8 30. a4 Bb7 31. Rd1 Be4 32. Qxa5 d3 33. Rxe4 Rxe4 34. Rxd3 Rxd3 35. Qa8+ Kg7 36. Qxe4 Rd1+ 37. Kf2 Qh4+ 38. Ke3 Qg5+ 39. Kf2 Qh4+ 40. Ke3 Qg5+ 41. Kf2 Rd2+ 42. Be2 Rxb2 43. a5 Ra2 44. Qe5+ Qf6 45. Qd5 Qb2 0-1

[Event "Oberliga Nord N 1314"]
[Site "Germany"]
[Date "2013.12.15"]
[Round "4.2"]
[White "Zieher, Hartmut"]
[Black "Seres, Lajos"]
[Result "0-1"]
[WhiteElo "2312"]
[BlackElo "2449"]
[PlyCount "86"]
[EventDate "2013.10.13"]
[EventType "team-tourn"]
[EventRounds "9"]
[EventCountry "GER"]
[SourceTitle "EXT 2015"]
[Source "ChessBase"]
[SourceDate "2014.11.20"]
[SourceVersion "1"]
[SourceVersionDate "2014.11.20"]
[SourceQuality "1"]
[WhiteTeam "Hamburger SK III"]
[BlackTeam "Schwerin"]
[WhiteTeamCountry "GER"]
[BlackTeamCountry "GER"]

1. e4 c5 2. Nf3 Nc6 3. d4 cxd4 4. Nxd4 g6 5. c4 Bg7 6. Be3 Nf6 7. Nc3 Ng4 8. Qxg4 Nxd4 9. Qd1 Ne6 10. Qd2 Qa5 11. Rc1 b6 12. b3 Bb7 13. Nd5 Qxd2+ 14. Kxd2 Rc8 15. Be2 Nd4 16. f3 f5 17. Bd3 Kf7 18. Rhe1 e6 19. Nc3 Rhd8 20. Ne2 Nc6 21. exf5 gxf5 22. c5 bxc5 23. Bxc5 d6 24. Be3 Bb2 25. Rc2 Ba3 26. Rg1 Ne5 27. Rxc8 Rxc8 28. Bb1 Bxf3 29. gxf3 Nxf3+ 30. Kd1 Nxg1 31. Nxg1 Bc5 32. Bxc5 dxc5 33. Ke2 Kf6 34. Bd3 Rg8 35. Kf2 e5 36. Bc4 Rg7 37. Ne2 e4 38. Nf4 Ke5 39. Ne6 Rd7 40. a4 f4 41. Nxc5 Rd2+ 42. Kg1 f3 43. h4 e3 0-1

[Event "GER-ch 84th"]
[Site "Saarbruecken"]
[Date "2013.09.08"]
[Round "3"]
[White "Svane, Rasmus"]
[Black "Zieher, Hartmut"]
[Result "1-0"]
[WhiteElo "2445"]
[BlackElo "2300"]
[PlyCount "83"]
[EventDate "2013.09.06"]
[EventType "swiss"]
[EventRounds "9"]
[EventCountry "GER"]
[SourceTitle "CBM 156 Extra"]
[Source "ChessBase"]
[SourceDate "2013.10.22"]
[SourceVersion "1"]
[SourceVersionDate "2013.10.22"]
[SourceQuality "1"]

1. Nf3 d5 2. c4 e6 3. d4 Nf6 4. Nc3 c5 5. cxd5 exd5 6. g3 Nc6 7. Bg2 c4 8. 0-0 Be7 9. Ne5 0-0 10. b3 cxb3 11. Nxc6 bxc6 12. axb3 a5 13. Ba3 Re8 14. Qc2 Ba6 15. Rfc1 Bb4 16. e3 Bxc3 17. Qxc3 Bb5 18. Bc5 a4 19. bxa4 Rxa4 20. Rxa4 Bxa4 21. Ra1 Bb5 22. Qc2 g6 23. Ra7 Kg7 24. Qa2 h5 25. Qa3 Qc8 26. Bd6 Qf5 27. Qb2 h4 28. gxh4 Qg4 29. Qa1 Qxh4 30. Be5 Bd3 31. Rc7 Kg8 32. Bg3 Qg5 33. Rxc6 Ne4 34. Qa4 Rd8 35. Qa5 Nxg3 36. hxg3 Rb8 37. Rb6 Rc8 38. Qxd5 Rc1+ 39. Kh2 Qh6+ 40. Bh3 Bf5 41. Rb8+ Bc8 42. Qd8+ 1-0

[Event "Oberliga Nord N 1213"]
[Site "Germany"]
[Date "2013.02.03"]
[Round "6.3"]
[White "Braubach, Lars"]
[Black "Zieher, Hartmut"]
[Result "0-1"]
[WhiteElo "2217"]
[BlackElo "2297"]
[PlyCount "104"]
[EventDate "2012.10.14"]
[EventType "team-tourn"]
[EventRounds "9"]
[EventCountry "GER"]
[SourceTitle "EXT 2015"]
[Source "ChessBase"]
[SourceDate "2014.11.20"]
[SourceVersion "1"]
[SourceVersionDate "2014.11.20"]
[SourceQuality "1"]
[WhiteTeam "Schwarzenbek"]
[BlackTeam "Hamburger SK III"]
[WhiteTeamCountry "GER"]
[BlackTeamCountry "GER"]

1. e4 e5 2. Nc3 Nf6 3. g3 Nc6 4. Bg2 Bc5 5. d3 a6 6. h3 d6 7. Be3 Bxe3 8. fxe3 Be6 9. Nf3 h6 10. Qe2 d5 11. exd5 Nxd5 12. Nxd5 Bxd5 13. e4 Be6 14. a3 0-0 15. 0-0 Nd4 16. Nxd4 Qxd4+ 17. Qf2 Qxb2 18. Rab1 Qxa3 19. Rxb7 Qc3 20. Rd1 a5 21. Qd2 Qc5+ 22. Kh2 a4 23. c4 Rfd8 24. Qc3 a3 25. Ra1 a2 26. Rb3 Ra5 27. Qc2 Rda8 28. Rb2 Qa7 29. Bf1 Ra3 30. Kg2 Bd7 31. Qf2 Qa5 32. Kh2 Bc6 33. Kg1 Bd7 34. Kh2 g6 35. g4 Kg7 36. Kg1 Ra6 37. Qd2 Qa4 38. Qc2 Qxc2 39. Rxc2 f5 40. gxf5 gxf5 41. Bg2 f4 42. Kf2 Kf6 43. Ke2 Ke7 44. Kd2 Rg6 45. Bf1 Rg1 46. Rcc1 Rh1 47. Rd1 Rh2+ 48. Ke1 Bxh3 49. Bxh3 Rxh3 50. Kf2 Rh2+ 51. Kf3 h5 52. Rac1 Rb2 0-1